Sales strategy and design.
| Published: |
Tokyo, Japan:
PIE Books,
2005.
|
|---|---|
| Subjects: |
| LEADER | 00543cam a2200169 7i4500 | ||
|---|---|---|---|
| 001 | 0000014896 | ||
| 005 | 20170218090000.0 | ||
| 020 | |a 4894444496 | ||
| 090 | 0 | 0 | |a HF5823 |b .S26 2005 |
| 245 | 0 | 0 | |a Sales strategy and design. |
| 260 | |a Tokyo, Japan: |b PIE Books, |c 2005. | ||
| 300 | |a 200 p.: |b col. ill.; |c 30 cm. | ||
| 650 | 0 | 0 | |a Advertising |
| 650 | 0 | 0 | |a Communication in marketing |
| 650 | 0 | 0 | |a Sales promotion |
| 997 | |a Communication, Visual Art & Computing, Faculty |b Visual Art, Department | ||
| 999 | |a 0000018548 |b BOK |c OPEN SHELF |e 1st Floor, Bestari Jaya | ||


